000 00539nam a2200181Ia 4500
001 21341
005 20260306172912.0
008 260306t2019||||xx |||||||||||||| ||spa||
041 _aESP
082 _a344.528
_bG16
100 _aGálvez Villegas, Tomás Aladino
_eAUT
245 0 _aDecomiso, extinción de dominio, nulidad de actos jurídicos fraudulentos y reparación civil:
_ba propósito del caso Odebrecht
260 _c2019
300 _a601 páginas :
_c25 cm.
650 _aGEN
654 _aCDE
942 _cLIB
_dJUS
_fJUS
_2ddc
_n
999 _c21341
_d21341